[Event "Rheinland Pfalz op 53th"]
[Site "Heimbach Weis"]
[Date "2025.06.21"]
[Round "6"]
[White "Weyer, Jonas"]
[Black "Guelsen, Taylan"]
[Result "1-0"]
[WhiteElo "2020"]
[BlackElo "2076"]
[PlyCount "83"]
[EventDate "2025.06.19"]
[EventType "swiss"]
[EventRounds "7"]
[EventCountry "GER"]
[SourceTitle "CB26_2025"]
[SourceDate "2025.06.25"]
[SourceVersion "1"]
[SourceVersionDate "2025.06.25"]
[SourceQuality "1"]

1. e4 c5 2. Nf3 Nc6 3. Bb5 d6 4. 0-0 e5 5. Bxc6+ bxc6 6. d3 Be7 7. Re1 f5 8. c3 fxe4 9. dxe4 Bg4 10. Qa4 Qd7 11. Nbd2 Nf6 12. h3 Bh5 13. Nh2 0-0 14. Ndf1 Bg6 15. Ng3 Nh5 16. Nxh5 Bxh5 17. Be3 Bh4 18. b4 c4 19. Rab1 a6 20. Rb2 h6 21. Rd2 Rf6 22. Qa5 Qe6 23. Rf1 Rg6 24. Kh1 Bd8 25. Qa4 d5 26. g4 Bxg4 27. hxg4 Bc7 28. f3 h5 29. gxh5 Rg3 30. Rg2 Rxg2 31. Kxg2 d4 32. Bd2 c5 33. a3 cxb4 34. axb4 Rf8 35. Ng4 Rb8 36. h6 a5 37. b5 Bb6 38. Rh1 g6 39. h7+ Kh8 40. Qa3 Qf7 41. Bg5 Bd8 42. Qd6 1-0

[Event "Rheinland Pfalz op 53th"]
[Site "Heimbach Weis"]
[Date "2025.06.20"]
[Round "3"]
[White "Guelsen, Taylan"]
[Black "Stehning, Toni"]
[Result "0-1"]
[WhiteElo "2076"]
[BlackElo "1873"]
[PlyCount "72"]
[EventDate "2025.06.19"]
[EventType "swiss"]
[EventRounds "7"]
[EventCountry "GER"]
[SourceTitle "CB26_2025"]
[SourceDate "2025.06.25"]
[SourceVersion "1"]
[SourceVersionDate "2025.06.25"]
[SourceQuality "1"]

1. d4 d5 2. Bf4 Nf6 3. e3 c5 4. c3 Nc6 5. Nd2 Bf5 6. Qb3 Qd7 7. Bb5 a6 8. Bxc6 Qxc6 9. dxc5 Nd7 10. c4 Nxc5 11. Qc3 Nd3+ 12. Kf1 e5 13. Bxe5 Bb4 14. Qd4 Bxd2 15. cxd5 Qb5 16. a4 Qb3 17. Bxg7 Qc2 18. Ne2 Rg8 19. g4 Bg6 20. Bf6 Rc8 21. d6 Kd7 22. g5 Bh5 23. Nf4 Nxf4 24. Qxf4 Rc4 25. Bd4 Rxd4 26. Qxd4 Be2+ 27. Kxe2 Bc3+ 28. Kf3 Bxd4 29. exd4 Qd3+ 30. Kg4 h5+ 31. Kf4 Qd2+ 32. Kf3 Rxg5 33. Rhd1 Rf5+ 34. Kg2 Rxf2+ 35. Kg3 Qf4+ 36. Kh3 Rxh2# 0-1

[Event "Rheinland Pfalz op 53th"]
[Site "Heimbach Weis"]
[Date "2025.06.19"]
[Round "2"]
[White "Sensoy, Emir"]
[Black "Guelsen, Taylan"]
[Result "0-1"]
[WhiteElo "1870"]
[BlackElo "2076"]
[PlyCount "70"]
[EventDate "2025.06.19"]
[EventType "swiss"]
[EventRounds "7"]
[EventCountry "GER"]
[SourceTitle "CB26_2025"]
[SourceDate "2025.06.25"]
[SourceVersion "1"]
[SourceVersionDate "2025.06.25"]
[SourceQuality "1"]

1. e4 c5 2. Nf3 Nc6 3. d4 cxd4 4. Nxd4 Nf6 5. Nc3 e5 6. Ndb5 d6 7. Be2 a6 8. Na3 b5 9. Nd5 Bb7 10. Be3 Nxd5 11. exd5 Ne7 12. c4 Nf5 13. cxb5 Nxe3 14. fxe3 Qh4+ 15. g3 Qe4 16. Rf1 Be7 17. bxa6 Bxa6 18. Bxa6 Rxa6 19. Qc2 Qxe3+ 20. Qe2 Qb6 21. Nc4 Qb4+ 22. Kf2 0-0 23. a3 Qc5+ 24. Ne3 Ra4 25. Rfc1 Qa7 26. Rc4 Rxc4 27. Qxc4 Bg5 28. Qc3 f5 29. Ke2 f4 30. gxf4 exf4 31. Nf1 f3+ 32. Kd1 Qf2 33. Qd3 Re8 34. Nd2 Re1+ 35. Kc2 Rxa1 0-1

[Event "Buchen op 8th"]
[Site "Buchen"]
[Date "2019.09.07"]
[Round "3"]
[White "Becker, Matthias1"]
[Black "Guelsen, Taylan"]
[Result "1-0"]
[WhiteElo "2308"]
[BlackElo "2162"]
[PlyCount "57"]
[EventDate "2019.09.06"]
[EventType "swiss"]
[EventRounds "5"]
[EventCountry "GER"]
[SourceTitle "EXT 2020"]
[Source "ChessBase"]
[SourceDate "2019.10.17"]
[SourceVersion "1"]
[SourceVersionDate "2019.10.17"]
[SourceQuality "1"]

1. d4 Nf6 2. Nf3 c5 3. e3 g6 4. b3 cxd4 5. Nxd4 Bg7 6. Bb2 0-0 7. Be2 Nc6 8. 0-0 Nxd4 9. Bxd4 d5 10. c4 dxc4 11. Bxc4 Bg4 12. Qc2 Rc8 13. Qb2 a6 14. Re1 b5 15. Bf1 Bf5 16. e4 Be6 17. Nd2 Qd7 18. Nf3 Qb7 19. Ng5 Bd7 20. e5 Nh5 21. e6 fxe6 22. Nxe6 Bxe6 23. Rxe6 Rc2 24. Qxc2 Bxd4 25. Qd1 Bxf2+ 26. Kh1 Nf4 27. Re5 Ba7 28. b4 Nh3 29. Qb3+ 1-0

[Event "NRW Class1 1819"]
[Site "Germany"]
[Date "2019.01.13"]
[Round "5.4"]
[White "Guelsen, Taylan"]
[Black "Ringwelski, Marius"]
[Result "1-0"]
[WhiteElo "2176"]
[BlackElo "1952"]
[PlyCount "55"]
[EventDate "2018.09.16"]
[EventType "team-tourn"]
[EventRounds "9"]
[EventCountry "GER"]
[SourceTitle "EXT 2022"]
[Source "ChessBase"]
[SourceDate "2021.10.06"]
[SourceVersion "1"]
[SourceVersionDate "2021.10.06"]
[SourceQuality "1"]
[WhiteTeam "Niederkassel"]
[BlackTeam "Nienberge"]
[WhiteTeamCountry "GER"]
[BlackTeamCountry "GER"]

1. d4 Nf6 2. c4 e6 3. g3 d5 4. Bg2 dxc4 5. Nf3 Nc6 6. Qa4 Bb4+ 7. Bd2 Nd5 8. a3 Nb6 9. Qc2 Be7 10. Bc3 0-0 11. 0-0 Bd7 12. Nbd2 Qe8 13. e4 a6 14. Rfe1 f6 15. Bf1 Qh5 16. Be2 Qb5 17. a4 Nb4 18. Bxb4 Qxb4 19. a5 Na4 20. Nxc4 b5 21. axb6 cxb6 22. b3 Nc3 23. Bf1 Rfb8 24. Rec1 Nb5 25. Ra4 Nxd4 26. Nxd4 Bxa4 27. bxa4 b5 28. Nc6 1-0

[Event "NRW Class1 1819"]
[Site "Germany"]
[Date "2018.11.18"]
[Round "3.3"]
[White "Fluechter, Gregor"]
[Black "Guelsen, Taylan"]
[Result "1-0"]
[WhiteElo "2130"]
[BlackElo "2181"]
[PlyCount "99"]
[EventDate "2018.09.16"]
[EventType "team-tourn"]
[EventRounds "9"]
[EventCountry "GER"]
[SourceTitle "EXT 2022"]
[Source "ChessBase"]
[SourceDate "2021.10.06"]
[SourceVersion "1"]
[SourceVersionDate "2021.10.06"]
[SourceQuality "1"]
[WhiteTeam "Brackel SF"]
[BlackTeam "Niederkassel"]
[WhiteTeamCountry "GER"]
[BlackTeamCountry "GER"]

1. e4 e5 2. Nf3 Nc6 3. Bc4 Bc5 4. b4 Bxb4 5. c3 Ba5 6. d4 d6 7. Qb3 Qd7 8. Nbd2 Bb6 9. dxe5 Na5 10. Qc2 Ne7 11. Ba3 0-0 12. exd6 cxd6 13. Bd3 Ng6 14. 0-0 Bc5 15. Bb2 Nf4 16. Nd4 Qg4 17. g3 Nc6 18. f3 Qg5 19. Kh1 Bh3 20. Rg1 Nxd3 21. Qxd3 Bd7 22. N2b3 Bb6 23. Rgd1 Ne5 24. Qe2 Qh5 25. Ba3 Bc7 26. Rf1 Rfe8 27. Nb5 Rac8 28. N3d4 d5 29. Nxa7 dxe4 30. Nxc8 exf3 31. Rxf3 Nxf3 32. Ne7+ Rxe7 33. Bxe7 Bxg3 34. Nxf3 Bc6 35. Rf1 Bxh2 36. Qxh2 Bxf3+ 37. Kg1 Qg6+ 38. Kf2 Qc2+ 39. Kg1 Qg6+ 40. Kf2 Qc2+ 41. Kg3 Be2 42. Re1 Qxc3+ 43. Kf2 Qf3+ 44. Kg1 Qg4+ 45. Qg2 Qd4+ 46. Kh1 Bg4 47. Bc5 Qd7 48. Qxg4 f5 49. Qc4+ Kh8 50. Qe6 1-0

[Event "Wiesbaden op 30th"]
[Site "Wiesbaden"]
[Date "2018.08.24"]
[Round "2"]
[White "Werner, Rosalie"]
[Black "Guelsen, Taylan"]
[Result "0-1"]
[WhiteElo "1536"]
[BlackElo "2207"]
[PlyCount "64"]
[EventDate "2018.08.23"]
[EventType "swiss"]
[EventRounds "7"]
[EventCountry "GER"]
[SourceTitle "CBM 186 Extra"]
[Source "ChessBase"]
[SourceDate "2018.08.24"]
[SourceVersion "1"]
[SourceVersionDate "2018.08.24"]
[SourceQuality "1"]

1. e4 g6 2. d4 Bg7 3. Nc3 d6 4. Be3 a6 5. Be2 b5 6. a3 Bb7 7. f3 Nd7 8. Qd2 c5 9. dxc5 Nxc5 10. Bd4 e5 11. Be3 Ne6 12. 0-0-0 Nd4 13. f4 Ne7 14. Bf3 Rc8 15. Nge2 Nec6 16. Kb1 0-0 17. h4 h5 18. f5 Qa5 19. Bh6 Nxe2 20. Bxe2 Nd4 21. Bxg7 Kxg7 22. Qg5 Rxc3 23. Bxh5 Bxe4 24. f6+ Kh7 25. Bxg6+ Bxg6 26. h5 Bxc2+ 27. Ka2 Rg8 28. Qd2 b4 29. Rh3 Rxh3 30. gxh3 b3+ 31. Ka1 Qxd2 32. Rf1 Bd1 0-1

[Event "Rheinland Pfalz op 10th"]
[Site "Nickenich"]
[Date "2018.06.01"]
[Round "4"]
[White "Stuemer, Paul"]
[Black "Guelsen, Taylan"]
[Result "0-1"]
[WhiteElo "2078"]
[BlackElo "2162"]
[PlyCount "100"]
[EventDate "2018.05.31"]
[EventType "swiss"]
[EventRounds "7"]
[EventCountry "GER"]
[SourceTitle "EXT 2019"]
[Source "ChessBase"]
[SourceDate "2018.10.10"]
[SourceVersion "1"]
[SourceVersionDate "2018.10.10"]
[SourceQuality "1"]

1. Nf3 Nf6 2. c4 e6 3. e3 d5 4. b3 c5 5. Bb2 Nc6 6. cxd5 exd5 7. Bb5 Bg4 8. h3 Bh5 9. g4 Bg6 10. Ne5 Qb6 11. Bxc6+ bxc6 12. h4 Nd7 13. Nxd7 Kxd7 14. h5 Be4 15. Rg1 h6 16. Nc3 Bd3 17. Qf3 Re8 18. Kd1 f6 19. Re1 Bd6 20. e4 c4 21. Re3 dxe4 22. Nxe4 Bxe4 23. Rxe4 Rxe4 24. Qxe4 Re8 25. Qxc4 Qxf2 26. Bd4 Qf3+ 27. Kc2 Qxg4 28. Rg1 Qf5+ 29. Qd3 Qxd3+ 30. Kxd3 Re7 31. Bxa7 c5 32. b4 cxb4 33. Rg4 Kc6 34. Be3 Kb5 35. Rd4 Re6 36. Rd5+ Kc6 37. Ra5 Re7 38. Kc4 Re4+ 39. Kd3 Rh4 40. Ra6+ Kd5 41. Rb6 f5 42. Rb5+ Ke6 43. Rb6 Kd7 44. Bd4 Rxh5 45. Rb7+ Kc6 46. Rxg7 Kd5 47. Bb2 Rh3+ 48. Ke2 Rh2+ 49. Ke3 f4+ 50. Kd3 Rh3+ 0-1

[Event "Maastricht Limburg op 12th"]
[Site "Maastricht"]
[Date "2018.05.20"]
[Round "4"]
[White "Guelsen, Taylan"]
[Black "Petrisor, Adrian Marian"]
[Result "0-1"]
[WhiteElo "2162"]
[BlackElo "2413"]
[PlyCount "68"]
[EventDate "2018.05.18"]
[EventType "swiss"]
[EventRounds "7"]
[EventCountry "NED"]
[SourceTitle "CBM 184 Extra"]
[Source "ChessBase"]
[SourceDate "2018.06.28"]
[SourceVersion "1"]
[SourceVersionDate "2018.06.28"]
[SourceQuality "1"]

1. d4 Nf6 2. Bf4 c5 3. d5 d6 4. Nc3 g6 5. Qd2 Bg7 6. e4 a6 7. a4 Qa5 8. Ra2 0-0 9. Nf3 Bg4 10. Be2 Nbd7 11. h3 Bxf3 12. Bxf3 Ne5 13. Bxe5 dxe5 14. 0-0 Ne8 15. Be2 Nd6 16. f3 h5 17. Nb1 Qc7 18. Na3 c4 19. c3 Kh7 20. g4 Bh6 21. g5 Bg7 22. Kh2 f6 23. gxf6 Rxf6 24. Qg5 Raf8 25. Rg1 Bh6 26. Qg2 Nxe4 27. fxe4 Rf2 28. Nxc4 Rxg2+ 29. Kxg2 b5 30. axb5 axb5 31. Na5 Qc5 32. Rf1 Rxf1 33. Kxf1 Qe3 34. Nc6 Qxh3+ 0-1

[Event "Hessen-ch"]
[Site "Frankfurt"]
[Date "2018.05.09"]
[Round "1"]
[White "Guelsen, Taylan"]
[Black "Kersten, Uwe"]
[Result "0-1"]
[WhiteElo "2144"]
[BlackElo "2243"]
[PlyCount "126"]
[EventDate "2018.05.09"]
[EventType "swiss"]
[EventRounds "9"]
[EventCountry "GER"]
[SourceTitle "EXT 2019"]
[Source "ChessBase"]
[SourceDate "2018.10.10"]
[SourceVersion "1"]
[SourceVersionDate "2018.10.10"]
[SourceQuality "1"]

1. d4 Nf6 2. Bf4 d5 3. e3 c5 4. dxc5 Nc6 5. Bb5 e6 6. b4 a5 7. c3 Bd7 8. Qb3 Ne4 9. f3 g5 10. fxe4 gxf4 11. exd5 Qh4+ 12. Kd1 exd5 13. Nf3 Qf6 14. exf4 Qxf4 15. Nbd2 Bg7 16. Re1+ Be6 17. Qxd5 0-0 18. Rxe6 fxe6 19. Qxe6+ Kh8 20. Bxc6 bxc6 21. Rc1 Rad8 22. a3 Rfe8 23. Qxc6 Rxd2+ 24. Nxd2 Rd8 25. Qd6 Rxd6 26. cxd6 Bh6 27. Rc2 Qxd6 28. h3 a4 29. c4 Qd3 30. c5 Qxa3 31. c6 Bf4 32. b5 Qb4 33. c7 Bxc7 34. Rxc7 Qxb5 35. Ra7 Qb4 36. Ra8+ Kg7 37. Ra7+ Kg6 38. Ra6+ Kg5 39. Ra7 a3 40. h4+ Kg6 41. Ra6+ Kf5 42. Ra7 h5 43. Ra6 Qb2 44. Nf1 Qb1+ 45. Kd2 Qxf1 46. Rxa3 Qxg2+ 47. Ke1 Qh1+ 48. Ke2 Qh2+ 49. Kf1 Qxh4 50. Ra5+ Ke6 51. Ra6+ Kd5 52. Ra5+ Kc6 53. Ra6+ Kb5 54. Rg6 Qh3+ 55. Kg1 Qe3+ 56. Kh2 Qf4+ 57. Kg1 Kc4 58. Rc6+ Kd3 59. Ra6 Qe4 60. Ra3+ Ke2 61. Ra7 Qg4+ 62. Kh2 Qh4+ 63. Kg1 Qg3+ 0-1

[Event "Hofheim Spring op 6th"]
[Site "Hofheim"]
[Date "2018.04.07"]
[Round "9"]
[White "Guelsen, Taylan"]
[Black "Boehm, Thomas1"]
[Result "1/2-1/2"]
[WhiteElo "2144"]
[BlackElo "2179"]
[PlyCount "85"]
[EventDate "2018.04.03"]
[EventType "swiss"]
[EventRounds "9"]
[EventCountry "GER"]
[SourceTitle "CBM 183 Extra"]
[Source "ChessBase"]
[SourceDate "2018.04.19"]
[SourceVersion "1"]
[SourceVersionDate "2018.04.19"]
[SourceQuality "1"]

1. d4 Nf6 2. Bf4 d5 3. e3 e6 4. Nd2 Bd6 5. Bg3 0-0 6. c3 b6 7. Ngf3 Bb7 8. Bd3 Ne4 9. Qe2 Nd7 10. Ne5 f5 11. f4 c5 12. Nxe4 fxe4 13. Bb5 Nxe5 14. fxe5 Be7 15. Qg4 Rf5 16. Rf1 a6 17. Be2 Qf8 18. Bh4 Rxf1+ 19. Bxf1 Bxh4+ 20. Qxh4 cxd4 21. exd4 Qf5 22. Qg3 Rf8 23. Be2 Bc8 24. Kd2 Qf2 25. Qxf2 Rxf2 26. Rg1 Bd7 27. Ke3 Rf8 28. c4 Rc8 29. Rc1 b5 30. c5 a5 31. a3 Kf7 32. b3 Bc6 33. h4 Ke7 34. g4 Ra8 35. Ra1 Kd7 36. Rf1 Ke7 37. g5 Rf8 38. Rxf8 Kxf8 39. Bg4 a4 40. h5 Kf7 41. Kf4 Ke7 42. Bd1 Kf7 43. Ke3 1/2-1/2

[Event "Hofheim Spring op 6th"]
[Site "Hofheim"]
[Date "2018.04.05"]
[Round "5"]
[White "Guelsen, Taylan"]
[Black "Simantsev, Mikhail"]
[Result "0-1"]
[WhiteElo "2144"]
[BlackElo "2469"]
[PlyCount "96"]
[EventDate "2018.04.03"]
[EventType "swiss"]
[EventRounds "9"]
[EventCountry "GER"]
[SourceTitle "CBM 183 Extra"]
[Source "ChessBase"]
[SourceDate "2018.04.19"]
[SourceVersion "1"]
[SourceVersionDate "2018.04.19"]
[SourceQuality "1"]

1. d4 Nf6 2. Bf4 e6 3. e3 c5 4. c3 Nc6 5. Nd2 d5 6. Ngf3 Bd6 7. Bg3 0-0 8. Bd3 b6 9. Qe2 Bb7 10. Rd1 Ne7 11. e4 c4 12. Bb1 dxe4 13. Ng5 b5 14. Ndxe4 Nxe4 15. Nxe4 Bc7 16. Bh4 Qe8 17. Bg3 Qd8 18. Bh4 Qe8 19. Bg3 Qc6 20. f3 Rab8 21. Nc5 Bc8 22. Bxc7 Qxc7 23. 0-0 Nd5 24. Qe4 g6 25. a3 a5 26. f4 b4 27. axb4 axb4 28. Rf3 bxc3 29. bxc3 Bb7 30. Nxb7 Rxb7 31. f5 gxf5 32. Qh4 Qe7 33. Qh5 Kh8 34. Rh3 Nf6 35. Qe2 Rfb8 36. Bc2 Qc7 37. Qe3 Rg8 38. Qh6 Qe7 39. Re1 Rg6 40. Qc1 Qd6 41. Bd1 Nd5 42. Bf3 Nf4 43. Rh4 Nd3 44. Qe3 Rb2 45. Ra1 Qb6 46. h3 Kg7 47. Kh2 Qd6+ 48. Kh1 Qg3 0-1

[Event "Hofheim Spring op 6th"]
[Site "Hofheim"]
[Date "2018.04.03"]
[Round "1"]
[White "Guelsen, Taylan"]
[Black "Leck, Gerrit"]
[Result "1-0"]
[WhiteElo "2144"]
[BlackElo "1917"]
[PlyCount "119"]
[EventDate "2018.04.03"]
[EventType "swiss"]
[EventRounds "9"]
[EventCountry "GER"]
[SourceTitle "CBM 183 Extra"]
[Source "ChessBase"]
[SourceDate "2018.04.19"]
[SourceVersion "1"]
[SourceVersionDate "2018.04.19"]
[SourceQuality "1"]

1. d4 Nf6 2. Bf4 g6 3. Nc3 d5 4. Qd2 Bg7 5. 0-0-0 0-0 6. f3 b6 7. Bh6 Re8 8. Bxg7 Kxg7 9. e4 dxe4 10. fxe4 e5 11. d5 Nbd7 12. Bb5 a6 13. Bc6 Rb8 14. Nf3 Bb7 15. Qg5 h6 16. Qg3 Qe7 17. Bxd7 Nxd7 18. h4 h5 19. Ng5 Nf8 20. Rhf1 f6 21. Nh3 b5 22. Qf3 b4 23. Ne2 Bc8 24. Nf2 a5 25. g4 hxg4 26. Nxg4 Bxg4 27. Qxg4 Qd7 28. Qf3 Rb6 29. h5 g5 30. Ng3 a4 31. h6+ Kh8 32. Nh5 Nh7 33. Rd3 Reb8 34. Kb1 Kg8 35. Qd1 Rf8 36. Ng7 Ra8 37. Ne6 Qe7 38. Qh5 Rc8 39. Qg6+ Kh8 40. Qg7+ Qxg7 41. hxg7+ Kg8 42. Rh1 g4 43. Rd2 g3 44. Rg2 Rxe6 45. dxe6 Kxg7 46. Rxg3+ Ng5 47. Rd1 Kf8 48. Rd7 Nxe6 49. Rh3 Ke8 50. Rhh7 Nc5 51. Rde7+ Kf8 52. Rhf7+ Kg8 53. Rxf6 Nxe4 54. Rg6+ Kf8 55. Rxe5 Nd6 56. Rg1 Ra8 57. Rf1+ Kg7 58. Rg5+ Kh6 59. Rg2 Ra5 60. Rh1+ 1-0

[Event "Groningen op-A 55th"]
[Site "Groningen"]
[Date "2017.12.30"]
[Round "9"]
[White "Guelsen, Taylan"]
[Black "De Boer, Bas"]
[Result "0-1"]
[WhiteElo "2213"]
[BlackElo "2136"]
[PlyCount "69"]
[EventDate "2017.12.22"]
[EventType "swiss"]
[EventRounds "9"]
[EventCountry "NED"]
[SourceTitle "CBM 182 Extra"]
[Source "ChessBase"]
[SourceDate "2018.02.23"]
[SourceVersion "1"]
[SourceVersionDate "2018.02.23"]
[SourceQuality "1"]

1. b3 e5 2. Bb2 Nc6 3. e3 Bd6 4. Bb5 Nf6 5. Na3 Na5 6. Be2 a6 7. c4 0-0 8. Nc2 Nc6 9. Nf3 Re8 10. d4 e4 11. Nd2 Bf8 12. 0-0 d5 13. f3 Nb4 14. fxe4 dxe4 15. Nxb4 Bxb4 16. a3 Bd6 17. b4 c6 18. d5 cxd5 19. Bxf6 gxf6 20. cxd5 Be5 21. Rc1 f5 22. Nc4 Bg7 23. Qd2 Kh8 24. Bh5 Rf8 25. g3 b5 26. Na5 Bd7 27. Nc6 Qg5 28. Bd1 Rg8 29. Bb3 Rac8 30. Kh1 Bxc6 31. dxc6 Be5 32. Bxf7 Rgd8 33. Qe1 Qf6 34. c7 Bxc7 35. Ba2 0-1

[Event "Groningen op-A 55th"]
[Site "Groningen"]
[Date "2017.12.24"]
[Round "4"]
[White "Guelsen, Taylan"]
[Black "Elgersma, Simon"]
[Result "0-1"]
[WhiteElo "2213"]
[BlackElo "2100"]
[PlyCount "116"]
[EventDate "2017.12.22"]
[EventType "swiss"]
[EventRounds "9"]
[EventCountry "NED"]
[SourceTitle "CBM 182 Extra"]
[Source "ChessBase"]
[SourceDate "2018.02.23"]
[SourceVersion "1"]
[SourceVersionDate "2018.02.23"]
[SourceQuality "1"]

1. e4 e6 2. d4 d5 3. Nc3 Nf6 4. e5 Nfd7 5. f4 c5 6. Nf3 Nc6 7. Be3 Be7 8. Qd2 a6 9. dxc5 Nxc5 10. a3 Qa5 11. Nd4 Qc7 12. b4 Nd7 13. Bd3 Nb6 14. 0-0 Nxd4 15. Bxd4 Nc4 16. Qe2 Bd7 17. f5 0-0-0 18. fxe6 Bxe6 19. Na4 Qc6 20. Nc5 Bxc5 21. bxc5 Kb8 22. a4 Ka8 23. Rfb1 Rc8 24. a5 Qd7 25. Rb6 Rc6 26. c3 Qc7 27. Bc2 Rxc5 28. Rab1 Rxa5 29. Rxb7 Qxb7 30. Rxb7 Kxb7 31. Bd3 Kc7 32. h3 Rb8 33. Qh5 h6 34. Qh4 Kd7 35. Qg3 g6 36. Qf4 h5 37. Be2 Rb2 38. Bf3 Ra1+ 39. Kh2 Raa2 40. Be3 a5 41. Qd4 Nxe3 42. Qxe3 Ke8 43. Kg3 Rb5 44. c4 h4+ 45. Kh2 Rb1 46. Qd4 g5 47. cxd5 Raa1 48. g4 Ra2+ 49. Bg2 Rbb2 50. dxe6 Rxg2+ 51. Kh1 Rgd2 52. exf7+ Kxf7 53. Qc4+ Ke7 54. Qc7+ Ke6 55. Qc8+ Kxe5 56. Qf5+ Kd4 57. Qf6+ Kd3 58. Qf3+ Kc2 0-1

[Event "Groningen op-A 55th"]
[Site "Groningen"]
[Date "2017.12.22"]
[Round "1"]
[White "Postny, Evgeny"]
[Black "Guelsen, Taylan"]
[Result "1-0"]
[WhiteElo "2581"]
[BlackElo "2213"]
[PlyCount "103"]
[EventDate "2017.12.22"]
[EventType "swiss"]
[EventRounds "9"]
[EventCountry "NED"]
[SourceTitle "CBM 182 Extra"]
[Source "ChessBase"]
[SourceDate "2018.02.23"]
[SourceVersion "1"]
[SourceVersionDate "2018.02.23"]
[SourceQuality "1"]

1. d4 d5 2. c4 e6 3. Nf3 Nf6 4. g3 Be7 5. Bg2 0-0 6. 0-0 dxc4 7. Qc2 a6 8. a4 Bd7 9. Rd1 Bc6 10. Nc3 a5 11. e4 Na6 12. Ne5 Nb4 13. Qe2 Be8 14. Nxc4 c6 15. Bf4 Ra6 16. Rd2 Bd7 17. Rad1 Qa8 18. h4 Re8 19. g4 Bc8 20. g5 Nd7 21. d5 e5 22. Nxe5 Nxe5 23. Bxe5 Bf8 24. Bg3 Nxd5 25. Nxd5 cxd5 26. e5 Be6 27. Bxd5 Bxd5 28. Rxd5 Rae6 29. Rd7 b6 30. Qc4 Qf3 31. R1d3 Qf5 32. Kg2 Bc5 33. Rf3 Qg6 34. Rfxf7 Qxf7 35. Rxf7 Kxf7 36. h5 g6 37. Qd5 R8e7 38. f4 Re8 39. Kf3 Kg7 40. Be1 Bg1 41. Bc3 Kf7 42. Kg4 R8e7 43. f5 gxf5+ 44. Kxf5 Bc5 45. g6+ hxg6+ 46. hxg6+ Kg7 47. Qxe6 Rxe6 48. Kxe6 Kxg6 49. Kd7 Kf5 50. e6 Ke4 51. Be1 Kd3 52. Bg3 1-0

[Event "NRW Class1 1718"]
[Site "Germany"]
[Date "2017.12.17"]
[Round "4.6"]
[White "Guelsen, Taylan"]
[Black "Berndt, Axel"]
[Result "0-1"]
[WhiteElo "2196"]
[BlackElo "2151"]
[PlyCount "172"]
[EventDate "2017.09.17"]
[EventType "team-tourn"]
[EventRounds "9"]
[EventCountry "GER"]
[SourceTitle "EXT 2019"]
[Source "ChessBase"]
[SourceDate "2018.10.10"]
[SourceVersion "1"]
[SourceVersionDate "2018.10.10"]
[SourceQuality "1"]
[WhiteTeam "Niederkassel"]
[BlackTeam "Duesseldorf II"]
[WhiteTeamCountry "GER"]
[BlackTeamCountry "GER"]

1. d4 Nf6 2. Bf4 e6 3. e3 b6 4. Nd2 Bb7 5. Ngf3 c5 6. Nc4 d5 7. Nce5 Nfd7 8. Nxf7 Kxf7 9. Ng5+ Kg8 10. Nxe6 Qf6 11. Nc7 cxd4 12. Qxd4 Qxd4 13. exd4 Nc6 14. Nxa8 Bxa8 15. c3 Kf7 16. Bd3 Nf6 17. 0-0 Nh5 18. Bd2 Bd6 19. g3 Bb7 20. Rfe1 Nf6 21. f3 Rd8 22. b4 a5 23. a3 Ra8 24. b5 Ne7 25. a4 Rd8 26. Re2 Bc8 27. Rae1 h6 28. Bf4 Ng6 29. Bxd6 Rxd6 30. Kf2 Bd7 31. Bc2 Ng8 32. h4 h5 33. Bb3 N6e7 34. Re5 Bf5 35. R1e3 g6 36. Ke1 Kf6 37. Kd2 Be6 38. Re1 Nf5 39. Rg1 Ngh6 40. Bd1 Nf7 41. Re2 Bd7 42. g4 hxg4 43. fxg4 Nxh4 44. Rf1+ Kg7 45. Re7 Be6 46. Rc7 g5 47. Be2 Ng6 48. Rb1 Nf4 49. Rc6 Nxe2 50. Kxe2 Bxg4+ 51. Ke3 Bd7 52. Rc7 Kf6 53. Rf1+ Ke7 54. c4 dxc4 55. Rxc4 Re6+ 56. Kd2 Nd6 57. Rcc1 Ne4+ 58. Kd3 Kd6 59. Rf7 g4 60. d5 Re8 61. Kd4 Nc5 62. Rf6+ Ke7 63. Rcf1 Nxa4 64. Ke5 Bxb5 65. Rh1 Kd7+ 66. Re6 Nc5 67. Rh7+ Kd8 68. Kd6 Nxe6 69. dxe6 Kc8 70. Rg7 Be2 71. Rc7+ Kb8 72. e7 g3 73. Rc3 g2 74. Rg3 Bf1 75. Kd7 Bb5+ 76. Kd6 Bf1 77. Kd7 Rh8 78. e8Q+ Rxe8 79. Kxe8 Kc7 80. Ke7 a4 81. Ke6 a3 82. Kd5 a2 83. Rg7+ Kb8 84. Rg8+ Kb7 85. Rg7+ Ka6 86. Rg8 Kb5 0-1

[Event "London Classic op"]
[Site "London"]
[Date "2017.12.09"]
[Round "9"]
[White "Coote, Trevor D"]
[Black "Guelsen, Taylan"]
[Result "0-1"]
[WhiteElo "2104"]
[BlackElo "2213"]
[PlyCount "70"]
[EventDate "2017.12.02"]
[EventType "swiss"]
[EventRounds "9"]
[EventCountry "ENG"]
[SourceTitle "CBM 182 Extra"]
[Source "ChessBase"]
[SourceDate "2018.02.23"]
[SourceVersion "1"]
[SourceVersionDate "2018.02.23"]
[SourceQuality "1"]

1. e4 c5 2. Nf3 e6 3. d4 cxd4 4. Nxd4 Nc6 5. c4 Nf6 6. Nc3 Bb4 7. Nxc6 bxc6 8. Bd3 e5 9. 0-0 0-0 10. h3 h6 11. Ne2 d5 12. cxd5 cxd5 13. Ng3 Be6 14. Be3 a5 15. a3 Be7 16. Kh2 Rb8 17. Qe2 Nxe4 18. Bxe4 dxe4 19. Nxe4 Qd5 20. Nd2 Rxb2 21. Qh5 Rxd2 22. Bxd2 Qxd2 23. Rad1 Qf4+ 24. g3 Qf5 25. Qxf5 Bxf5 26. Rd5 Bxa3 27. Rxe5 Bd3 28. Rd1 Bc2 29. Rd2 Bg6 30. f4 Bb4 31. Rd7 Bc2 32. Re2 Bb3 33. Rb7 Rd8 34. f5 h5 35. g4 Bd5 0-1

[Event "Heusenstamm Sparkassen op-A 4th"]
[Site "Heusenstamm"]
[Date "2017.11.25"]
[Round "4"]
[White "Guelsen, Taylan"]
[Black "Jahncke, Giso"]
[Result "1/2-1/2"]
[WhiteElo "2171"]
[BlackElo "2352"]
[PlyCount "120"]
[EventDate "2017.11.23"]
[EventType "swiss"]
[EventRounds "7"]
[EventCountry "GER"]
[SourceTitle "EXT 2019"]
[Source "ChessBase"]
[SourceDate "2018.10.10"]
[SourceVersion "1"]
[SourceVersionDate "2018.10.10"]
[SourceQuality "1"]

1. d4 Nf6 2. Bf4 g6 3. Nc3 d5 4. e3 Bg7 5. h4 h6 6. Nf3 c6 7. Ne5 Nfd7 8. Qd2 Nxe5 9. Bxe5 Bxe5 10. dxe5 Be6 11. f4 h5 12. Be2 b5 13. a3 a5 14. e4 dxe4 15. Qxd8+ Kxd8 16. Nxe4 Bd5 17. Bf3 Kc7 18. 0-0 Nd7 19. Ng5 f6 20. exf6 exf6 21. Bxd5 fxg5 22. Be4 gxh4 23. Bxg6 h3 24. gxh3 Rag8 25. f5 Ne5 26. Rae1 Nxg6 27. fxg6 Rxg6+ 28. Kh2 a4 29. Rf7+ Kb6 30. Rf5 Rhg8 31. Re2 Rg5 32. Rf4 Rc5 33. c3 Rgg5 34. Rfe4 Ka5 35. Re8 Rcd5 36. R8e4 Rc5 37. Re8 Ka6 38. Ra8+ Kb7 39. Rae8 Ka6 40. Ra8+ Kb6 41. Rb8+ Kc7 42. Rbe8 Rcd5 43. c4 bxc4 44. R8e4 Rc5 45. Rc2 Rge5 46. Rxe5 Rxe5 47. Rxc4 Re2+ 48. Kg3 Rxb2 49. Rxa4 Kd6 50. Rd4+ Ke5 51. Rh4 Rb3+ 52. Kf2 Rxa3 53. Ke2 c5 54. Kd2 Rf3 55. Rxh5+ Kd4 56. Rh4+ Kd5 57. Kc2 Kc6 58. Kb2 Kb5 59. Kc2 Rg3 60. Kb2 Rf3 1/2-1/2